[Event "HUN-chT2 Toth 2324"]
[Site "Hungary"]
[Date "2024.02.18"]
[Round "4.10"]
[White "Szabo, Balazs3"]
[Black "Tari, Janos"]
[Result "1-0"]
[WhiteElo "1613"]
[BlackElo "1531"]
[PlyCount "25"]
[EventDate "2023.10.08"]
[EventType "team-tourn"]
[EventRounds "9"]
[EventCountry "HUN"]
[SourceTitle "EXT 2025"]
[Source "ChessBase"]
[SourceDate "2024.10.14"]
[SourceVersion "1"]
[SourceVersionDate "2024.10.14"]
[SourceQuality "1"]
[WhiteTeam "Egyetem Neumann"]
[BlackTeam "Bekesszentandras"]
[WhiteTeamCountry "HUN"]
[BlackTeamCountry "HUN"]

1. d4 Nf6 2. Nc3 e6 3. e4 Nc6 4. Nf3 Be7 5. Bd3 0-0 6. e5 Nd5 7. Nxd5 exd5 8. 0-0 d6 9. h3 dxe5 10. dxe5 Be6 11. b3 Bb4 12. Ng5 f5 13. Nxe6 1-0